Famous Ralphs Quiz Stats

 Plays Quiz not verified by Sporcle

Support Sporcle.
Go Orange.
Score 0/10 Timer 03:00
0 Plays Today
Can you name these famous Ralphs? Last Name % Correct
Fashion Designer with Polo EmblemLauren
82.1%
Has run for U.S. President in six electionsNader
71.2%
The Karate KidMacchio
60.9%
Plays Lord Voldemort Fiennes
56.4%
19th Century Poet & Essayist Emerson
48.7%
Jackie Gleason's loudmouthed bus driverKramden
45.5%
Richie Cunningham's FriendMalph
39.7%
Bart Simpson's outcast friendWiggam
16%
First Director of the Christian CoalitionReed
9%
Leads the Clinch Mountain BoysStanley
1.9%

You're not logged in!

Compare scores with friends on all Sporcle quizzes.
OR
Log In

From the Vault

Countries with Most Fortune 500 HQs

by Enigma9994

We're guessing these countries have some pretty nice conference rooms.
Remove Ads.
Support Sporcle.
Get the best of Sporcle when you Go Orange. This ad-free experience offers more features, more stats, and more fun while also helping to support Sporcle. Thank you for becoming a member.

Show Comments

Extras

Created Sep 30, 2009ReportNominate
Tags:Famous Quiz, last, ralph

Top Quizzes Today


Score Distribution

Your Account Isn't Verified!

In order to create a playlist on Sporcle, you need to verify the email address you used during registration. Go to your Sporcle Settings to finish the process.

Report this User

Report this user for behavior that violates our Community Guidelines.

Details: